[Event "GER-chT U14 Girls"]
[Site "Duesseldorf"]
[Date "2016.12.29"]
[Round "5.4"]
[White "Reinbold, Sorah Marie"]
[Black "Zehr, Selina"]
[Result "1-0"]
[WhiteElo "1001"]
[BlackElo "981"]
[PlyCount "71"]
[EventDate "2016.12.27"]
[EventType "team-swiss"]
[EventRounds "7"]
[EventCountry "GER"]
[SourceTitle "EXT 2018"]
[Source "ChessBase"]
[SourceDate "2017.10.13"]
[SourceVersion "1"]
[SourceVersionDate "2017.10.13"]
[SourceQuality "1"]
[WhiteTeam "Endingen"]
[BlackTeam "Meuselwitz"]
[WhiteTeamCountry "GER"]
[BlackTeamCountry "GER"]

1. e4 c5 2. Bc4 Nc6 3. Nf3 d6 4. 0-0 Nf6 5. Nc3 g6 6. d3 Bg7 7. Bg5 0-0 8. Re1 h6 9. Bh4 Bd7 10. e5 dxe5 11. Nxe5 Nxe5 12. Rxe5 b6 13. Bd5 Nxd5 14. Rxd5 Re8 15. Bg3 Qc8 16. Be5 Bxe5 17. Rxe5 Qc6 18. d4 Bc8 19. d5 Qf6 20. Re3 Qg5 21. Rg3 Qe5 22. h3 e6 23. d6 Rd8 24. Re3 Qxd6 25. Rd3 Qc6 26. Rxd8+ Kh7 27. Qg4 Bb7 28. Rxa8 Bxa8 29. f3 Qc7 30. Ne4 Qe5 31. Re1 f5 32. Qg3 Qxb2 33. Qc7+ Qg7 34. Nf6+ Kh8 35. Qd8+ Qg8 36. Qxg8# 1-0